01613nam a2200349 i 4500003000900000005001700009007000300026008004100029040003000070041000800100082001900108100004100127245008200168250002200250264003600272300003600308336002700344337003300371338002800404490003300432500004200465500005400507590002700561700004800588910001400636942001300650952019000663952013100853952013100984952013101115999001701246DO-SdBNP20251016125355.0ta100303s1987 dr d 000 0 spa d aDO-SdBNPbspacBNPHUerda aspa axxxbA485o2221 aAmaro Guzmán, Raymundoeautor965610aOrganigramas /cRaymundo Amaro Guzmán ; prólogo Luis Carlos Danín Lobo. aSegunda edición 1aSanto Domingo :bTiempo,c1987. a49 páginasbdiagramasc21 cm. 2rdacontentatextobtxt 2rdamediaasin mediaciónbn 2rdacarrieravolumenbnc1 aAdministración de empresas aIncluye notas al pie de las páginas aNuevo apéndice: organigrama del sector publico  aInventariado, 2023/ YL1 aDanín Lobo, Luis Carloseprólogo922286 aYLockward 2ddccLF2 00102ddc51708DS-FaBNPHUbBNPHUcCTd2014-12-01eBarbara Suncarl0oBNPHU PD A485op2023-8469r2023-12-29w2023-12-29yLF2zPerteneció a la biblioteca personal de Bárbara Suncar 00102ddc51708PDaBNPHUbBNPHUcCTd2025-10-16edonaciónl0oBNPHU PD A485op2025-11915r2025-10-16te.2w2025-10-16yLF2 00102ddc56708DSaBNPHUbBNPHUcCTd2025-10-16edonaciónl0oBNPHU DS A485op2025-11916r2025-10-16te.3w2025-10-16yLF2 00102ddc56708DSaBNPHUbBNPHUcCTd2025-10-16edonaciónl0oBNPHU DS A485op2025-11917r2025-10-16te.4w2025-10-16yLF2 c55645d55645